| 000 | 00690nam a2200241 a 4500 | ||
|---|---|---|---|
| 005 | 20200104041516.0 | ||
| 008 | 140224b1998 -Us||||| |||| 00| 0 eng d | ||
| 040 |
_aCO-BoIAVH _cCO-BoIAVH |
||
| 041 | _aeng | ||
| 044 | _axxu | ||
| 090 |
_aLB _b00927 |
||
| 100 |
_aThrupp, Lori Ann _97434 |
||
| 245 |
_aBiodiversity and food security _bpredicaments, polices and practices |
||
| 260 |
_aWashington _bWRI _c1998 |
||
| 300 | _a68 p. | ||
| 650 |
_aAgrobiodiversidad _944589 |
||
| 650 |
_aSeguridad alimentaria _91807 |
||
| 650 |
_aDiversidad genética _92003 |
||
| 650 |
_aAgricultura _9304 |
||
| 650 |
_aImpacto ambiental _944591 |
||
| 650 |
_aPolítica agrícola _97437 |
||
| 942 |
_cINFORME _2z |
||
| 999 |
_c939 _d939 |
||